Redécouverte des rendements croissants et croissance endogéne.

Štúdia z oblasti teórie rastu. Externalita, rast výkonov a akumulácia poznatkov. Kanonický model vnútorného rastu. Vnútorný rast a cykly. Pridružené poznanie: vnútorný rast a ľudský kapitál. Nerovnomerný rozvoj a zložitá rovnováha. Špecializácia, inovácia a monopolná konkurencia. Návrat k Schumpeter...

Descrizione completa

Salvato in:
Dettagli Bibliografici
Autore principale: Lordon, F.
Natura: Capitolo di libro
Lingua:francese
Soggetti:
Tags: Aggiungi Tag
Nessun Tag, puoi essere il primo ad aggiungerne!!

MARC

LEADER 00000naa a2200000 4500
001 r008274
005 20220913124652.3
041 0 |a fre 
044 |a FR 
245 1 0 |a Redécouverte des rendements croissants et croissance endogéne.  |c F. Lordon 
520 |a Štúdia z oblasti teórie rastu. Externalita, rast výkonov a akumulácia poznatkov. Kanonický model vnútorného rastu. Vnútorný rast a cykly. Pridružené poznanie: vnútorný rast a ľudský kapitál. Nerovnomerný rozvoj a zložitá rovnováha. Špecializácia, inovácia a monopolná konkurencia. Návrat k Schumpeterovi. (Observations et diagnostics économiques 1991, č.37). 
610 2 0 |a rast hospodársky 
610 2 0 |a teórie ekonomické 
610 2 0 |a modely ekonomické 
610 2 0 |a rozvoj hospodársky 
610 2 0 |a inovácia 
610 2 0 |a konkurencia 
610 2 0 |a trh vnútorný 
610 2 0 |a externality 
100 1 |a Lordon, F.